000 00409nam a22001457a 4500
999 _c17593
_d17593
008 190328b xxu||||| |||| 00| 0 eng d
020 _a8126560202
050 _aQE38
_b.B46 1997 c.1
100 _aBennett, Matthew R.
245 _aEnvironmental Geology
_bGeology and the human environment
_cMatthew R. Bennett
260 _aEngland
_bWiley
_c1997
300 _a501p.
650 _ageology
942 _2lcc
_cBK